00313nam a2200133Ia 4500008004100000020001500041041001200056082001800068100002000086245002100106250001700127260002700144300000800171231221s9999 xx 000 0 und d a8178666693 aEnglish a658.8 CHU;1 R aChunawalla, S.A 0aSales Management a4th rev. ed. c2002bHimalayaaMumbai a226